DATAQUEST (Record no. 16622)
[ view plain ]
| 000 -LEADER | |
|---|---|
| fixed length control field | 00407nam a2200145Ia 4500 |
| 022 ## - INTERNATIONAL STANDARD SERIAL NUMBER | |
| ISSN | 0970-034x |
| 245 #0 - TITLE STATEMENT | |
| Title | DATAQUEST |
| 260 ## - PUBLICATION, DISTRIBUTION, ETC. (IMPRINT) | |
| Name of publisher | Cyber Media India Ltd |
| Place of publication | New Delhi |
| 310 ## - CURRENT PUBLICATION FREQUENCY | |
| Current publication frequency | M |
| 500 ## - GENERAL NOTE | |
| General note | Ending Volume & Year: 1990, |
| 500 ## - GENERAL NOTE | |
| General note | Missing Volume: 1988;1986(Feb,May);1987(Jun,Sep,Dec) |
| 500 ## - GENERAL NOTE | |
| General note | Starting Volume & Year: 1986, |
| 942 ## - ADDED ENTRY ELEMENTS (KOHA) | |
| Koha item type | Bound Journal |
| Withdrawn status | Lost status | Damaged status | Not for loan | Home library | Current library | Date acquired | Accession Number | Koha item type |
|---|---|---|---|---|---|---|---|---|
| Bound journals | RRII Library | RRII Library | 31/12/2021 | 16380J | Bound Journal |